| 000 | 00534 a2200157 4500 | ||
|---|---|---|---|
| 020 | _a0470723351 | ||
| 020 | _a9780470723357 | ||
| 082 | 0 | 4 | _a518.63 |
| 090 |
_c1441 _d1441 |
||
| 100 | 1 | _aButcher, John C. | |
| 245 | 1 | 0 |
_aNumerical methods for ordinary differential equations / _cJohn C. Butcher. |
| 260 |
_a[S.l.] : _bWiley, _c2003. |
||
| 300 |
_axiv, 425 p. ; _c24 cm. |
||
| 942 |
_aSNS _cBK _k515.352 BUT |
||
| 999 |
_c30052 _d30052 |
||